000 00410nam a2200157Ia 4500
005 20240807062343.0
008 240806s9999||||xx |||||||||||||| ||eng||
041 _aeng
082 _a891.431008
_bDWIM
100 _aRameshwar Prasad Dwivedi
245 0 _aMeri kavita meri aatmkatha /
_cRameshwar Prasad Dwivedi
260 _bKanti Kuteer Prakashan
300 _a0
650 _aGeneral Studies
942 _cBK
999 _c16453
_d16453